| 000 | | | 03516nmc2a22002413x 450 |
| 001 | | | 08f719a4-fc68-4fe8-bdc4-f31f43e6c7cc |
| 005 | | | 20240724041916.0 |
| 100 | ## | $a | 20240130l18621919k l0rusy0189 ca |
| 101 | 0# | $a | rus |
| 102 | ## | $a | RU |
| 105 | ## | $a | y### |
| 122 | 2# | $a | d |
| 200 | 1# | $a | Список артистов драматической труппы императорских московских театров, 1913 год |
| | $j | 1862-1919 гг. |
| 215 | ## | $a | 108 л. |
| | $d | 36,5х26 см |
| 251 | ## | $c | Дело |
| 300 | ## | $a | Списки личного состава |
| 371 | ## | $a | Документ не является опубликованным и широко распространяемым |
| 461 | #0 | $1 | 0019264ebf8-de62-4f1a-9eb4-9f22098dbbd5 |
| | $1 | 2001 |
| | $a | Дирекция императорских театров Министерства императорского двора |
| | $1 | 251 |
| | $c | Фонд |
| | $1 | 852 |
| | $j | 497 |
| 462 | #0 | $1 | 0011e500ace-9463-4c53-a846-ce9b635c85e3 |
| | $1 | 2001 |
| | $a | Дирекция императорских театров (1804-1917 гг.) |
| | $1 | 251 |
| | $c | Опись |
| | $1 | 852 |
| | $j | 18 |
| 801 | #0 | $a | RU |
| | $b | РГИА |
| | $c | 20240130 |
| | $g | RCR |
| 801 | #1 | $a | RU |
| | $b | ГлавНИВЦ |
| | $c | 20240130 |
| | $2 | rusmarc |
| 801 | #2 | $a | RU |
| | $b | ПБ им. Б.Н. Ельцина |
| | $c | 20240724 |
| | $g | RCR |
| | $2 | rusmarc |
| 850 | ## | $a | РГИА |
| 852 | ## | $a | РГИА |
| | $e | Федеральное казенное учреждение "Российский государственный исторический архив" (РГИА) |
| | $j | 547 |
| 937 | ## | $h | РГИА |
| | $d | 12411098 |
| | $a | ASBIBLIO_SCAN |
| 035 | ## | $a | RusGRCC00073643 |
| 856 | ## | $u | http://readingroom.main.prlib.ru/item.aspx?id_node=n193102784&mode=full |